000 00577nam a22001817a 4500
003 OSt
008 251201b |||||||| |||| 00| 0 eng d
082 _a632.95042
_bS48B
100 _aSingh, Nanda Kishore.
245 _aBiofertility of Beta-cyfluthrin and Lambda-Cyhalothrin Against Helicoverpa armigera Hub. and Their Residue Behaviour un Chickpea, Cicer arietinum L.
260 _a.- Pusa, Samastipur
_b: RAU
_c, 2001
300 _a38p.
650 _aEntomology and Agricultural Zoology
650 _aChickpea
650 _aThesis
650 _aM. Sc.
942 _2ddc
_cT
999 _c49268
_d49268